00143nam a2200061Ia 4500008004100000100001400041245002600055120527s9999 xx 000 0 und d aMclntyrej aThe Practical skeptic